<?xml version="1.0" encoding="UTF-8"?>
<record
    xmlns:xsi="http://www.w3.org/2001/XMLSchema-instance"
    xsi:schemaLocation="http://www.loc.gov/MARC21/slim http://www.loc.gov/standards/marcxml/schema/MARC21slim.xsd"
    xmlns="http://www.loc.gov/MARC21/slim">

  <leader>01918nam a2200397 i 4500</leader>
  <controlfield tag="003">DO-SdBNP</controlfield>
  <controlfield tag="005">20230905144345.0</controlfield>
  <controlfield tag="006">a||||br|||| 00| 0 </controlfield>
  <controlfield tag="007">ta</controlfield>
  <controlfield tag="008">230904e1978    dr aobc| |||| 00| 0 spa d</controlfield>
  <datafield tag="040" ind1=" " ind2=" ">
    <subfield code="a">DO-SdBNP</subfield>
    <subfield code="b">spa</subfield>
    <subfield code="c">BNPHU</subfield>
    <subfield code="e">rda</subfield>
  </datafield>
  <datafield tag="082" ind1=" " ind2="4">
    <subfield code="2">22</subfield>
    <subfield code="b">G887c</subfield>
  </datafield>
  <datafield tag="100" ind1="1" ind2=" ">
    <subfield code="a">Luisa Mar&#xED;a Altagracia,</subfield>
    <subfield code="9">30645</subfield>
    <subfield code="e">autora</subfield>
  </datafield>
  <datafield tag="245" ind1="1" ind2="0">
    <subfield code="a">Ciencias naturales ; ciencias sociales  3&#xBA; curso:</subfield>
    <subfield code="b">educaci&#xF3;n primaria. /</subfield>
    <subfield code="c">Luisa Mar&#xED;a Altagracia, Argentina Bajar&#xE1;n de Rodr&#xED;guez, Ma. Victoria Blanchery, Tomasina Espinosa de Rodr&#xED;guez, Germecinda Llaver&#xED;as Col&#xF3;n.. [y otros]</subfield>
  </datafield>
  <datafield tag="246" ind1=" " ind2=" ">
    <subfield code="a">Ciencias naturales 2&#xBA; curso:</subfield>
    <subfield code="b">educaci&#xF3;n primaria.</subfield>
  </datafield>
  <datafield tag="246" ind1=" " ind2=" ">
    <subfield code="a">Ciencias sociales  2&#xBA; curso:</subfield>
    <subfield code="b">educaci&#xF3;n primaria.</subfield>
  </datafield>
  <datafield tag="264" ind1="4" ind2=" ">
    <subfield code="a">Santo Domingo :</subfield>
    <subfield code="b">EDYCA ,</subfield>
    <subfield code="c">1978</subfield>
  </datafield>
  <datafield tag="300" ind1=" " ind2=" ">
    <subfield code="a">176 p&#xE1;ginas :</subfield>
    <subfield code="b">Ilustraciones, fotograf&#xED;as, mapas, retratos ;</subfield>
    <subfield code="c">25 cm.</subfield>
  </datafield>
  <datafield tag="336" ind1=" " ind2=" ">
    <subfield code="2">rdacontent</subfield>
    <subfield code="a">texto</subfield>
    <subfield code="b">txt</subfield>
  </datafield>
  <datafield tag="337" ind1=" " ind2=" ">
    <subfield code="2">rdamedia</subfield>
    <subfield code="a">sin mediaci&#xF3;n</subfield>
    <subfield code="b">n</subfield>
  </datafield>
  <datafield tag="338" ind1=" " ind2=" ">
    <subfield code="2">rdacarrier</subfield>
    <subfield code="a">volumen</subfield>
    <subfield code="b">nc</subfield>
  </datafield>
  <datafield tag="490" ind1=" " ind2=" ">
    <subfield code="a">Educaci&#xF3;n Santillana</subfield>
  </datafield>
  <datafield tag="490" ind1=" " ind2=" ">
    <subfield code="a">Libro del Alumno ;</subfield>
    <subfield code="x">2</subfield>
  </datafield>
  <datafield tag="505" ind1=" " ind2=" ">
    <subfield code="a">CIENCIAS NATURALES.
</subfield>
    <subfield code="t">Unidad 1. Los seres vivos.-- Unidad 2. Materia y energ&#xED;a.-- Unidad 3. El Universo.-- Unidad 4. La agricultura.--
</subfield>
  </datafield>
  <datafield tag="505" ind1=" " ind2=" ">
    <subfield code="a">CIENCIAS SOCIALES.

</subfield>
    <subfield code="t">Unidad 1. Conozcamos nuestro paisaje geogr&#xE1;fico.-- Unidad 2. Los per&#xED;odos de nuestra historia.-- Unidad 3. La familia, la escuela y el municipio.--</subfield>
  </datafield>
  <datafield tag="590" ind1=" " ind2=" ">
    <subfield code="a">Inventariado 2023 / MF</subfield>
  </datafield>
  <datafield tag="650" ind1=" " ind2="4">
    <subfield code="a">Ciencias naturales</subfield>
    <subfield code="v">Libro de texto</subfield>
    <subfield code="9">84058</subfield>
  </datafield>
  <datafield tag="650" ind1=" " ind2="4">
    <subfield code="a">Educaci&#xF3;n fundamental</subfield>
    <subfield code="v">libro de texto</subfield>
    <subfield code="9">84059</subfield>
  </datafield>
  <datafield tag="700" ind1="1" ind2=" ">
    <subfield code="a">Bajar&#xE1;n de Rodr&#xED;guez, Argentina,</subfield>
    <subfield code="e">autora</subfield>
    <subfield code="9">83949</subfield>
  </datafield>
  <datafield tag="700" ind1="1" ind2=" ">
    <subfield code="a">Blanchery,  Ma. Victoria,</subfield>
    <subfield code="e">autora</subfield>
    <subfield code="9">84052</subfield>
  </datafield>
  <datafield tag="700" ind1="1" ind2=" ">
    <subfield code="a">Espinosa de Rodr&#xED;guez, Tomasina,</subfield>
    <subfield code="e">autora</subfield>
    <subfield code="9">84053</subfield>
  </datafield>
  <datafield tag="700" ind1="1" ind2=" ">
    <subfield code="a">Llaver&#xED;as Col&#xF3;n, Germecinda,</subfield>
    <subfield code="e">autora</subfield>
    <subfield code="9">30647</subfield>
  </datafield>
  <datafield tag="700" ind1="1" ind2=" ">
    <subfield code="a">Moyano, Celia,</subfield>
    <subfield code="e">autora</subfield>
    <subfield code="9">30648</subfield>
  </datafield>
  <datafield tag="700" ind1="1" ind2=" ">
    <subfield code="a">Silvente, Ana,</subfield>
    <subfield code="e">autora</subfield>
    <subfield code="9">30649</subfield>
  </datafield>
  <datafield tag="942" ind1=" " ind2=" ">
    <subfield code="2">ddc</subfield>
    <subfield code="c">LBS1</subfield>
  </datafield>
  <datafield tag="952" ind1=" " ind2=" ">
    <subfield code="0">0</subfield>
    <subfield code="1">0</subfield>
    <subfield code="2">ddc</subfield>
    <subfield code="5">1</subfield>
    <subfield code="7">0</subfield>
    <subfield code="8">PD</subfield>
    <subfield code="a">BNPHU</subfield>
    <subfield code="b">BNPHU</subfield>
    <subfield code="c">CT</subfield>
    <subfield code="d">2014-12-04</subfield>
    <subfield code="l">0</subfield>
    <subfield code="o">G887c</subfield>
    <subfield code="p">2023-5646</subfield>
    <subfield code="r">2023-09-04</subfield>
    <subfield code="w">2023-09-04</subfield>
    <subfield code="y">LBS1</subfield>
  </datafield>
  <datafield tag="999" ind1=" " ind2=" ">
    <subfield code="c">54620</subfield>
    <subfield code="d">54620</subfield>
  </datafield>
</record>
